000 00641nam a2200241Ia 4500
003 OSt
005 20221007072628.0
006 a|||||r|||| 00| 0
007 ta
008 221006b |||||||| |||| 00| 0 eng d
024 _a24,595
037 _cTextual
040 _aFLL
_cFLL
_beng
041 _2eng
_aeng
082 _aZ3v:N3, K2
100 _aKiralfy A.K.R.
_9688364
245 0 _aHistorical introduction to english law
250 _a4th
260 _aLondon
_bSweet & Maxwell Ltd. England
_c1962
300 _axxxii,1-675p
_ccm.
942 _hZ3v:N3, K2
_cTEXL
_2CC
999 _c1146578
_d1146578